000 00755nam a22002657a 4500
001 BR0104051
003 BR-BrBNA
005 20230928100946.0
007 ta
008 230509b bl.||||| |||| 00| 0 por d
040 _aBR-BrBNA
_bpor
_cBiblioteca Nacional de Agricultura
041 _a(Por)
072 _aF01; E70
_b3322
090 _ 3322 BR0104051
100 1 _aGruszynski, C.
245 1 _aProducao comercial de crisantemos; vaso, corte e jardim
260 3 _aGuaiba, RS (Brasil):
_bLivraria e Editora Agropecuaria,
_c2001.
300 _a166 p.
500 _aBibliography p. 161-166; 55 illus.
650 _aCrisantemo
650 _aProducao Vegetal
650 _aComercializacao
909 _a202309
_bLucia
_c55
_dLucia Elande
942 _cBK
999 _c63590
_d63590